| 000 | 00503nam a2200169 a 4500 | ||
|---|---|---|---|
| 001 | 000029071 | ||
| 005 | 20240307073948.0 | ||
| 008 | 100319s1971 dr 000 0 spa d | ||
| 040 |
_aDO-SdBNP _bspa _cBNPHU |
||
| 082 |
_axxx _bR788f |
||
| 100 | 1 |
_aRosa, Jesús de la _919724 |
|
| 245 | 1 | 0 |
_aFundamentos de los exámenes objetivos / _cJesús de la Rosa. |
| 260 |
_aSanto Domingo : _bUASD, _c1971. |
||
| 300 |
_a17 p. ; _c21 cm. |
||
| 049 | _aBNPD | ||
| 710 | 1 |
_aUniversidad Autónoma de Santo Domingo _972951 |
|
| 999 |
_c28563 _d28563 |
||